00368cam a2200121Ia 4500020002400000040000800024082003100032100002000063245005400083260003000137300002800167500005100195 a0393320243 (pbk.) : cOCO a973 NOR 2000 A101 A045 Or.1 aDe Kay, James T10aChronicles of the frigate Macedonian, 1809-1922 / aNew York :bNorton,c2000 a336 p. :bill. ;c22 cm aOriginally published: New York : Norton, c1995